Managing Risks of Automatic Accounting
Automatizácia účtovníctva ako aktuálny trend vykonávania účtovníctva. Kľúčové operačné riziká a neoperačné riziká automatizácie účtovníctva zvažované pri uplatňovaní procesov automatického účtovníctva.
Na minha lista:
| Autor principal: | |
|---|---|
| Outros Autores: | |
| Formato: | Capítulo de Livro |
| Idioma: | inglês |
| Assuntos: | |
| Tags: |
Sem tags, seja o primeiro a adicionar uma tag!
|
MARC
| LEADER | 00000naa a2200000 4500 | ||
|---|---|---|---|
| 001 | 0284621 | ||
| 005 | 20240502074414.1 | ||
| 041 | 0 | |a eng | |
| 044 | |a SK | ||
| 245 | 1 | 0 | |a Managing Risks of Automatic Accounting |c Ján Vlčko, Jitka Meluchová |
| 520 | |a Automatizácia účtovníctva ako aktuálny trend vykonávania účtovníctva. Kľúčové operačné riziká a neoperačné riziká automatizácie účtovníctva zvažované pri uplatňovaní procesov automatického účtovníctva. | ||
| 610 | 2 | 0 | |a riadenie rizík |
| 610 | 2 | 0 | |a automatizácia |
| 610 | 2 | 0 | |a účtovníctvo |
| 100 | 1 | |a Vlčko, Ján, 1988- | |
| 700 | 1 | |a Meluchová, Jitka, 1965- | |